00570nam a2200145Ia 4500008004100000082002000041100003600061245007100097260002200168300001100190440004700201651005300248952010600301999001700407120622s9999 xx 000 0 und d a086.1 P832m v.8 aCortés Tamayo, Ricardo, 1911- aTipos populares de la ciudad de México / Ricardo Cortés Tamayo aMéxico : D.D.F. a105 p. aColección popular Ciudad de México ; 8 a1. MEXICO (CIUDAD) - VIDA SOCIAL Y COSTUMBRESÌ 00104070a01b01d2007-01-25l1o086.1 P832M V.8p01 001316r2016-07-07s2016-07-07w2012-06-24yLB c56694d56694